000 00447nab a2200145Ia 4500
003 ES-SlBCS
005 20210601125250.0
008 140529s1986 xxu||||| |||| 00| 0 eng d
041 _aeng
100 1 _aMontague, Phillip
_9132856
245 0 0 _aIn Defense of Moral Principles
_c Phillip Montague
650 0 4 _aPrincipios Morales
_9136786
773 0 _tPhilosophy and Phenomenological Research
_gvol. 47, 1986, págs. 643-654
_wRev1411
942 _cAR
999 _c527499
_d527499